00628cam a22001697a 4500008004000000082001600040100002100056245014200077260002800219300001000247650002000257650004200277700001400319700001900333999001900352952008700371180718b1982 xxu||||| |||| 00| 0 eng d aT19x47 B468 aBeyme, Kalus Von aEconomics and politics within socialist systems: a comparative and developmental approachcby Kalus Von Beyme, Barbara Evans and Eva Kahn aNew YorkbPraegerc1982 a528p. aEconomic policy aCommunist countries - Economic policy aKahn, Eva aEvans, Barbara c341376d341376 00104070aIIPAbIIPAd1993-09-17oT19x47 B468p58361r2018-07-21w2018-07-21yBK